<?xml version="1.0" encoding="UTF-8"?><?xml-stylesheet type="text/xsl" href="static/style.xsl"?><OAI-PMH xmlns="http://www.openarchives.org/OAI/2.0/" xmlns:xsi="http://www.w3.org/2001/XMLSchema-instance" xsi:schemaLocation="http://www.openarchives.org/OAI/2.0/ http://www.openarchives.org/OAI/2.0/OAI-PMH.xsd"><responseDate>2026-04-17T03:23:43Z</responseDate><request verb="GetRecord" identifier="oai:www.recercat.cat:2117/113117" metadataPrefix="marc">https://recercat.cat/oai/request</request><GetRecord><record><header><identifier>oai:recercat.cat:2117/113117</identifier><datestamp>2025-07-22T19:33:09Z</datestamp><setSpec>com_2072_1033</setSpec><setSpec>col_2072_452951</setSpec></header><metadata><record xmlns="http://www.loc.gov/MARC21/slim" xmlns:dcterms="http://purl.org/dc/terms/" xmlns:xsi="http://www.w3.org/2001/XMLSchema-instance" xmlns:doc="http://www.lyncode.com/xoai" xsi:schemaLocation="http://www.loc.gov/MARC21/slim http://www.loc.gov/standards/marcxml/schema/MARC21slim.xsd">
   <leader>00925njm 22002777a 4500</leader>
   <datafield ind2=" " ind1=" " tag="042">
      <subfield code="a">dc</subfield>
   </datafield>
   <datafield ind2=" " ind1=" " tag="720">
      <subfield code="a">Martín Santana, Pablo</subfield>
      <subfield code="e">author</subfield>
   </datafield>
   <datafield ind2=" " ind1=" " tag="260">
      <subfield code="c">2015</subfield>
   </datafield>
   <datafield ind2=" " ind1=" " tag="520">
      <subfield code="a">Según definición de la Real Academia Española de la Lengua la frontera se define como la "Línea real o imaginaria que separa un estado de otro"; física o mental, siempre ha estado ligada a la conflictividad, es por ello que a lo largo de la historia la obsesión por su defensa será una constante en aquellos territorios donde estos espacios quedaban determinados. El Mediterráneo, por su parte, ha sido lugar de encuentros y desaciertos entre las diferentes culturas&#xd;
que asomaban a él, frontera entre dos mundo contrapuestos, sus aguas se convirtieron en el escenario de continuos enfrentamientos bélicos entre cristianos y musulmanes. &#xd;
Asimismo, las disputas por el control y el dominio del comercio en el Mediterráneo occidental convertía a los territorios fronterizos en puntos vulnerables ante los deseos expansionistas de las grande potencias europeas.&#xd;
Por otro lado, no podemos olvidarnos del peligro que representaba la piratería berberiscas, que especial incidencia tuvo en el litoral sur de la península ibérica donde fueron continuos los asaltos piráticos dada su proximidad al continente africano.&#xd;
Resultado de todo esto fue la construcción de una extensa línea defensiva (desarrollada durante la edad moderna), cuyos restos han llegado hasta nuestros días representado por el conjunto de torres que jalonan las costas del litoral español.&#xd;
Restos que constituyen un patrimonio histórico de gran valor (es una parte de la historia de este país y de las costas mediterráneas lo que se expresa a través de él), y que en muchas ocasiones ha existido poca sensibilidad para su protección.&#xd;
Es por ello que el presente estudio tiene el objetivo de contribuir a la preservación y a la conservación de este patrimonio mediante la elaboración de una guía para la intervención en las torres de defensa de la costa oriental de Andalucía, a partir de su caracterización y valoración. &#xd;
Es una aproximación a lo que vendría ser un manual de consulta que permita identificar una torre concreta en relación a su cronología y a su tipo.</subfield>
   </datafield>
   <datafield tag="653" ind2=" " ind1=" ">
      <subfield code="a">Àrees temàtiques de la UPC::Arquitectura</subfield>
   </datafield>
   <datafield tag="653" ind2=" " ind1=" ">
      <subfield code="a">Watchtowers -- Spain -- Andalusia</subfield>
   </datafield>
   <datafield tag="653" ind2=" " ind1=" ">
      <subfield code="a">Andalusia -- History</subfield>
   </datafield>
   <datafield tag="653" ind2=" " ind1=" ">
      <subfield code="a">Architecture -- Conservation and restauration</subfield>
   </datafield>
   <datafield tag="653" ind2=" " ind1=" ">
      <subfield code="a">Torres de defensa</subfield>
   </datafield>
   <datafield tag="653" ind2=" " ind1=" ">
      <subfield code="a">Almenaras</subfield>
   </datafield>
   <datafield tag="653" ind2=" " ind1=" ">
      <subfield code="a">Fortificación</subfield>
   </datafield>
   <datafield tag="653" ind2=" " ind1=" ">
      <subfield code="a">Costa de Andalucía</subfield>
   </datafield>
   <datafield tag="653" ind2=" " ind1=" ">
      <subfield code="a">Talaies -- Andalusia</subfield>
   </datafield>
   <datafield tag="653" ind2=" " ind1=" ">
      <subfield code="a">Andalusia -- Història</subfield>
   </datafield>
   <datafield tag="653" ind2=" " ind1=" ">
      <subfield code="a">Arquitectura -- Conservació i restauració</subfield>
   </datafield>
   <datafield ind2="0" ind1="0" tag="245">
      <subfield code="a">Guía para la intervención en las torres de defensa de la costa oriental de Andalucía, a partir de su caracterización y valoración</subfield>
   </datafield>
</record></metadata></record></GetRecord></OAI-PMH>